The first years of forever. (Record no. 14674)

000 -LEADER
fixed length control field 00672nam a2200205 a 4500
001 - CONTROL NUMBER
control field :::00012507$&:&@@
003 - CONTROL NUMBER IDENTIFIER
control field OkBaRHE
005 - DATE AND TIME OF LATEST TRANSACTION
control field 20000607103420.0
008 - FIXED-LENGTH DATA ELEMENTS--GENERAL INFORMATION
fixed length control field s1988 j 000 0 eng u
040 ## - CATALOGING SOURCE
Transcribing agency
100 1# - MAIN ENTRY--PERSONAL NAME
Personal name Wheat, Ed.
245 14 - TITLE STATEMENT
Title The first years of forever.
Statement of responsibility, etc Ed Wheat, M.D. with Gloria Okes Perkins.
260 ## - PUBLICATION, DISTRIBUTION, ETC. (IMPRINT)
Place of publication, distribution, etc Grand Rapids, MI., :
Name of publisher, distributor, etc Zondervan
Date of publication, distribution, etc c1988
300 ## - PHYSICAL DESCRIPTION
Extent 191 p. ;
Dimensions 20 cm.
650 ## - SUBJECT ADDED ENTRY--TOPICAL TERM
Topical term or geographic name as entry element Marriage
General subdivision Religious Aspects
-- Christianity
650 ## - SUBJECT ADDED ENTRY--TOPICAL TERM
Topical term or geographic name as entry element Marriage
General subdivision United States
700 ## - ADDED ENTRY--PERSONAL NAME
Personal name Perkins, Gloria Okes.
942 ## - ADDED ENTRY ELEMENTS (KOHA)
Source of classification or shelving scheme
Koha item type Books
Copies
Permanent Location Date last seen Full call number Date acquired Barcode Damaged status Price effective from Not for loan Lost status Shelving location Withdrawn status Source of classification or shelving scheme Copy number Koha item type
RHEMA Bible Training College2010-04-14HQ 734 .W5182010-04-1412507 2010-04-14  General Stacks  1Books